Shifting shores (Record no. 115612)
[ view plain ]
| 000 -LEADER | |
|---|---|
| fixed length control field | 00877cad a22002055a 4500 |
| 001 - CONTROL NUMBER | |
| control field | L158981 |
| 008 - FIXED-LENGTH DATA ELEMENTS--GENERAL INFORMATION | |
| fixed length control field | 151119s2015 xxk f 000 0 eng d |
| 035 ## - SYSTEM CONTROL NUMBER | |
| System control number | (Sirsi) u158981 |
| 041 0# - LANGUAGE CODE | |
| Language code of text/sound track or separate title | eng |
| 110 2# - MAIN ENTRY--CORPORATE NAME | |
| Corporate name or jurisdiction name as entry element | National Trust |
| 9 (RLIN) | 1987 |
| 245 00 - TITLE STATEMENT | |
| Title | Shifting shores |
| Remainder of title | Playing our part at the coast |
| 260 ## - PUBLICATION, DISTRIBUTION, ETC. | |
| Date of publication, distribution, etc. | 2015 |
| 520 ## - SUMMARY, ETC. | |
| Summary, etc. | Report investigates the need for adaptation to climate change along the coast. Calls for a bold and imaginative approach to coastline management, involving an understanding of how nature works. Also urges people to see coastal adaptation as a positive force for good, to act across boundaries and to join forces with partners and people to work more closely with communities. |
| 590 ## - LOCAL NOTE (RLIN) | |
| Local note | KA |
| 651 #4 - SUBJECT ADDED ENTRY--GEOGRAPHIC NAME | |
| Geographic name | ENGLAND AND WALES |
| 651 #4 - SUBJECT ADDED ENTRY--GEOGRAPHIC NAME | |
| Geographic name | Northern Ireland |
| Chronological subdivision | 2007- |
| 690 ## - LOCAL SUBJECT ADDED ENTRY--TOPICAL TERM (OCLC, RLIN) | |
| Topical term or geographic name as entry element | Environment |
| 9 (RLIN) | 6238 |
| 690 ## - LOCAL SUBJECT ADDED ENTRY--TOPICAL TERM (OCLC, RLIN) | |
| Topical term or geographic name as entry element | Sustainability |
| 9 (RLIN) | 6271 |
| 942 ## - ADDED ENTRY ELEMENTS (KOHA) | |
| Suppress in OPAC | 0 |
| Withdrawn status | Lost status | Source of classification or shelving scheme | Damaged status | Not for loan | Home library | Current library | Shelving location | Date acquired | Total Checkouts | Full call number | Barcode | Date last seen | Copy number | Price effective from | Koha item type |
|---|---|---|---|---|---|---|---|---|---|---|---|---|---|---|---|
| Dewey Decimal Classification | London | London | Online | 19/11/2015 | L158981 | 158981-1001 | 06/08/2019 | 1 | 06/08/2019 | Book |